
Library Catalogue

| 000 -LEADER | |
|---|---|
| fixed length control field | 00948cam a22002658i 4500 |
| 001 - CONTROL NUMBER | |
| control field | 20630930 |
| 003 - CONTROL NUMBER IDENTIFIER | |
| control field | OSt |
| 005 - DATE AND TIME OF LATEST TRANSACTION | |
| control field | 20260417105305.0 |
| 008 - FIXED-LENGTH DATA ELEMENTS--GENERAL INFORMATION | |
| fixed length control field | 180729s2019 enk b 000 0 eng c |
| 010 ## - LIBRARY OF CONGRESS CONTROL NUMBER | |
| LC control number | 2018031739 |
| 020 ## - INTERNATIONAL STANDARD BOOK NUMBER | |
| International Standard Book Number | 9781107019744 |
| 040 ## - CATALOGING SOURCE | |
| Transcribing agency | . |
| 082 00 - DEWEY DECIMAL CLASSIFICATION NUMBER | |
| Classification number | 320.840954 RAO |
| 100 1# - MAIN ENTRY--PERSONAL NAME | |
| Personal name | Rao, Vijayendra, |
| 245 10 - TITLE STATEMENT | |
| Title | Oral democracy : |
| Remainder of title | Deliberation in Indian village assemblies / |
| Statement of responsibility, etc. | Vijayendra Rao, Paromita Sanyal. |
| 264 #1 - PRODUCTION, PUBLICATION, DISTRIBUTION, MANUFACTURE, AND COPYRIGHT NOTICE | |
| Place of production, publication, distribution, manufacture | New York, NY : |
| Name of producer, publisher, distributor, manufacturer | Cambridge University Press, |
| Date of production, publication, distribution, manufacture, or copyright notice | [2019] |
| 300 ## - PHYSICAL DESCRIPTION | |
| Extent | pages cm. |
| 365 ## - TRADE PRICE | |
| Price amount | Rs.745 |
| 504 ## - BIBLIOGRAPHY, ETC. NOTE | |
| Bibliography, etc. note | Includes bibliographical references. |
| 505 0# - FORMATTED CONTENTS NOTE | |
| Formatted contents note | Discursive political culture;<br/>Political construction, state enactments, and citizen performances;<br/>The role of literacy in deliberative democracy;<br/>Conclusion : oral democracy. |
| 650 #0 - SUBJECT ADDED ENTRY--TOPICAL TERM | |
| Topical term or geographic name entry element | Gram sabha |
| Geographic subdivision | India. |
| 650 #0 - SUBJECT ADDED ENTRY--TOPICAL TERM | |
| Topical term or geographic name entry element | Direct democracy |
| Geographic subdivision | India. |
| 650 #0 - SUBJECT ADDED ENTRY--TOPICAL TERM | |
| Topical term or geographic name entry element | Discourse analysis |
| General subdivision | Political aspects. |
| 942 ## - ADDED ENTRY ELEMENTS (KOHA) | |
| Source of classification or shelving scheme | Dewey Decimal Classification |
| Koha item type | BOOKs |
| Withdrawn status | Lost status | Source of classification or shelving scheme | Materials specified (bound volume or other part) | Damaged status | Not for loan | Home library | Current library | Shelving location | Date acquired | Source of acquisition | Total Checkouts | Total Renewals | Full call number | Barcode | Date last seen | Date last checked out | Price effective from | Koha item type |
|---|---|---|---|---|---|---|---|---|---|---|---|---|---|---|---|---|---|---|
| Dewey Decimal Classification | PB | . | . | General Stacks | 28.06.2020 | Purchased | 1 | 2 | 320.840954 RAO | 38081 | 22.09.2025 | 12.09.2024 | 28.06.2020 | BOOKs |